S. Radhakrishan : (Record no. 130048)

MARC details
000 -LEADER
fixed length control field 00696nam a22002297a 4500
005 - DATE AND TIME OF LATEST TRANSACTION
control field 20170124110106.0
010 ## - LIBRARY OF CONGRESS CONTROL NUMBER
LC control number A-597155
020 ## - INTERNATIONAL STANDARD BOOK NUMBER
Terms of availability 00.00
International Standard Book Number 8122201024
035 ## - SYSTEM CONTROL NUMBER
System control number A-597155
037 ## - SOURCE OF ACQUISITION
Source of stock number/acquisition Cen Lib/Ret
040 ## - CATALOGING SOURCE
Original cataloging agency DPL
Language of cataloging EN
082 ## - DEWEY DECIMAL CLASSIFICATION NUMBER
Classification number 921
Item number MUR
100 ## - MAIN ENTRY--PERSONAL NAME
Personal name Murty, K. Satchidananda
9 (RLIN) 28141
245 ## - TITLE STATEMENT
Title S. Radhakrishan :
Statement of responsibility, etc by K. Satchidananda Murty [and] Ashok Vohar
Remainder of title his life and ideas /
260 ## - PUBLICATION, DISTRIBUTION, ETC. (IMPRINT)
Place of publication, distribution, etc Delhi
Name of publisher, distributor, etc Orient Paperbacks
Date of publication, distribution, etc 1991
270 ## - ADDRESS
City Delhi
Address Madarsa Road, Kashmere Gate
Postal code 110006
300 ## - PHYSICAL DESCRIPTION
Extent 221p.
Dimensions 18cm(Hb)
650 ## - SUBJECT ADDED ENTRY--TOPICAL TERM
Topical term or geographic name as entry element Presidents
9 (RLIN) 16189
650 ## - SUBJECT ADDED ENTRY--TOPICAL TERM
Topical term or geographic name as entry element Philosophers
9 (RLIN) 20153
700 ## - ADDED ENTRY--PERSONAL NAME
Personal name Vohar, Ashok
9 (RLIN) 28142
942 ## - ADDED ENTRY ELEMENTS (KOHA)
Source of classification or shelving scheme Dewey Decimal Classification
Koha item type English Books
Classification part 921
Call number suffix MUR
Holdings
Withdrawn status Lost status Damaged status Not for loan Home library Current library Date acquired Source of acquisition Cost, normal purchase price Total Checkouts Full call number Barcode Date last seen Copy number Cost, replacement price Price effective from Koha item type Public note
Written off       Central Library Central Library 08/07/2015 Cen Lib/Ret 0.00   921 MUR A-597155 08/07/2015 1 0.00 08/07/2015 English Books Written off on approval by DLB (By Circulation); dtd 15-06-2023

© Delhi Public Library
Hit Counter
free hit counter